| 000 | 00454nam a2200133Ia 4500 | ||
|---|---|---|---|
| 008 | 170221s9999 xx 000 0 und d | ||
| 100 | _aRamalingam Subramani | ||
| 245 | 4 | _aThe Academic Usage of Social Networking Sites by the University Students of Tamil Nadu | |
| 245 | _cRamalingam Subramani | ||
| 260 | _bOnline Journal of Communication and Media Technologies | ||
| 650 | _xCommunication | ||
| 650 | _xMedia Arts | ||
| 856 | _uhttp://www.ojcmt.net/ | ||
| 999 |
_c312822 _d312822 |
||